[Event "Open Semana Santa 2023"]
[Site "?"]
[Date "2023.04.09"]
[Round "7.120"]
[White "Garrido Silos, Pablo"]
[Black "Deusa Ballesteros, Lucas"]
[Result "1/2-1/2"]
[WhiteElo "1769"]
[BlackElo "1993"]
[Annotator "Usuario"]
[PlyCount "47"]

1. c4 e6 2. Nf3 Nf6 3. g3 d5 4. b3 d4 5. d3 c5 6. e3 Nc6 7. Bg2 h6 8. exd4 cxd4
9. Bf4 Bd6 10. Bxd6 Qxd6 11. O-O O-O 12. Nfd2 e5 13. f4 Ng4 14. Ne4 Qc7 15.
Nbd2 Ne3 16. Qe2 Nxf1 17. Rxf1 f6 18. f5 Ne7 19. g4 g6 20. Ng3 g5 21. Nde4 Kf7
22. Nh5 Ng8 23. Nd2 Ne7 24. Ne4 $11 1/2-1/2

[Event "Open Semana Santa 2023"]
[Site "?"]
[Date "2023.05.09"]
[Round "7.121"]
[White "Diez Machin, Vicente"]
[Black "Lloret Mauri, Jaime"]
[Result "0-1"]
[WhiteElo "1761"]
[BlackElo "1989"]
[Annotator "Usuario"]
[PlyCount "110"]

1. e4 e6 2. d4 d5 3. e5 c5 4. c3 Nc6 5. Nf3 Qb6 6. a3 a5 7. b3 Bd7 8. Be2 cxd4
9. cxd4 Nge7 10. Nc3 Nf5 11. Na4 Qa7 12. Bb2 Rb8 13. Bb5 Nxe5 14. Bxd7+ Nxd7
15. g4 Nd6 16. Rc1 Ne4 17. O-O b5 18. Nc3 Nxc3 19. Rxc3 b4 20. axb4 Bxb4 21.
Rc6 O-O 22. Qc2 h6 23. Rc1 Qb7 24. Rc7 Qb5 25. g5 hxg5 26. Nxg5 Nf6 27. Nxe6
Bd6 28. Nxf8 Bxc7 29. Qxc7 Rxf8 30. Ba3 Re8 31. Bd6 $11 Qxb3 32. Qxa5 Qf3 33.
Qc3 Qg4+ 34. Bg3 Nh5 35. Qc6 Qe4 36. Be5 Re6 37. Qc8+ Kh7 38. Qc2 Rg6+ 39. Kf1
Qg4 40. Rb1 f6 41. Bd6 Qxd4 42. Qf5 Kh6 43. Ke2 Rg4 44. Rb4 Re4+ 45. Qxe4 Qxe4+
46. Rxe4 dxe4 47. f3 exf3+ 48. Kxf3 Kg5 49. Bc7 Kh4 50. Bb8 f5 51. Bc7 Kh3 52.
Kf2 g5 53. Kg1 Nf6 54. Bd6 Ng4 55. Be7 Nxh2 0-1

[Event "Open Semana Santa 2023"]
[Site "?"]
[Date "2023.04.09"]
[Round "7.122"]
[White "Rubial Blanco, Heriberto"]
[Black "Nazarov, Alexander"]
[Result "1/2-1/2"]
[WhiteElo "1740"]
[BlackElo "1982"]
[PlyCount "117"]
[EventDate "2023.??.??"]

1. e4 c5 2. Nf3 d6 3. Bb5+ Nd7 4. O-O Ngf6 5. Re1 a6 6. Bf1 b5 7. c4 Rb8 8. d4
e5 9. dxe5 dxe5 10. Nc3 b4 11. Nd5 Be7 12. b3 Nxd5 13. exd5 Qc7 14. Qe2 O-O 15.
Nxe5 Nxe5 16. Qxe5 Qxe5 17. Rxe5 Bf6 18. Bf4 Rb7 19. Rd1 Bxe5 20. Bxe5 Rd8 21.
Bf4 Bf5 22. Be3 Rc8 23. Be2 Kf8 24. Bf3 Ke8 25. h4 Ra7 26. Be2 a5 27. g4 Bd7
28. d6 Be6 29. Bf3 Kd7 30. Kg2 a4 31. Be4 axb3 32. axb3 Ra3 33. Bc1 Rxb3 34.
Bc2 Rc3 35. Ba4+ Kd8 36. d7 Rc7 37. Bf4 Rxd7 38. Bxd7 Bxd7 39. Kf1 Rxc4 40. Be3
Kc7 41. f3 Bc6 42. Ke2 Kb6 43. Rd8 Rc2+ 44. Kd3 Rc3+ 45. Ke2 Kc7 46. Rd2 Bb5+
47. Kf2 Bc6 48. Ke2 Kb6 49. Rd8 Kb5 50. Rb8+ Kc4 51. Rc8 Rxe3+ 52. Kxe3 b3 53.
Rxc6 b2 54. Rb6 Kc3 55. Ke4 Kc2 56. Kd5 b1=Q 57. Rxb1 Kxb1 58. Kxc5 Kc2 59. Kd4
1/2-1/2

[Event "Open Semana Santa 2023"]
[Site "?"]
[Date "2023.04.09"]
[Round "7.123"]
[White "Torres Rebolledo, Victor"]
[Black "Molina Ortega, Carlos"]
[Result "1/2-1/2"]
[WhiteElo "1960"]
[BlackElo "1718"]
[PlyCount "76"]
[EventDate "2023.??.??"]

1. e4 c5 2. c3 d5 3. exd5 Qxd5 4. d4 Bf5 5. Nf3 Nc6 6. Be3 cxd4 7. Nxd4 Nxd4 8.
cxd4 Bxb1 9. Qa4+ Kd8 10. Rxb1 Nf6 11. f3 e6 12. Bb5 Bd6 13. Rc1 Ke7 14. Bd3
Rhd8 15. Kf2 Kf8 16. g3 a6 17. Rc2 Ng4+ 18. Ke2 Nxe3 19. Kxe3 b5 20. Qb3 Qh5
21. Be4 Rac8 22. Rxc8 Rxc8 23. Kf2 Qg5 24. Qe3 Qxe3+ 25. Kxe3 f5 26. Bd3 Ke7
27. g4 g6 28. h4 h6 29. h5 f4+ 30. Ke4 g5 31. d5 Rc5 32. dxe6 Kxe6 33. Kd4 Rd5+
34. Kc3 Be5+ 35. Kc2 Rc5+ 36. Kb3 a5 37. Bf5+ Kd6 38. Rd1+ Rd5 1/2-1/2

[Event "Open Semana Santa 2023"]
[Site "?"]
[Date "2023.04.09"]
[Round "7.124"]
[White "Rodriguez Bittar, Karim Javier"]
[Black "Palacios Sanchez, Victor"]
[Result "1/2-1/2"]
[WhiteElo "1959"]
[BlackElo "1704"]
[Annotator "Usuario"]
[PlyCount "46"]

1. e4 c5 2. Nc3 Nc6 3. g3 g6 4. Bg2 Bg7 5. d3 d6 6. Nge2 e5 7. O-O Nge7 8. f4
f5 9. Be3 Nd4 10. Qd2 O-O 11. Rab1 Rb8 12. a3 Be6 13. b4 b6 14. Nd5 Nxe2+ 15.
Qxe2 Nxd5 16. exd5 Bd7 17. Qd2 Qc7 18. c4 Rfe8 19. fxe5 Rxe5 20. Bf4 Re7 21. b5
Rbe8 $11 22. Rfe1 Bd4+ 23. Kh1 Bc8 1/2-1/2

[Event "Open Semana Santa 2023"]
[Site "?"]
[Date "2023.04.09"]
[Round "7.125"]
[White "Garcia Vives, Joan"]
[Black "Donate Moreno, David"]
[Result "1/2-1/2"]
[WhiteElo "1731"]
[BlackElo "1958"]
[Annotator "Usuario"]
[PlyCount "44"]

1. e4 c5 2. Nf3 a6 3. c4 Nc6 4. d4 cxd4 5. Nxd4 e5 6. Nf5 d6 7. Ne3 Nf6 8. Nc3
Be6 9. Bd3 Rc8 10. O-O g6 11. Ned5 Bxd5 12. Nxd5 Nxd5 13. cxd5 Nb8 14. Be3 Bg7
15. Qd2 O-O 16. Rac1 Qd7 17. Rxc8 Rxc8 18. Rc1 Bf6 19. Rxc8+ Qxc8 20. Qc2 Qxc2
21. Bxc2 Bd8 22. b4 Nd7 $11 1/2-1/2

[Event "Open Semana Santa 2023"]
[Site "?"]
[Date "2023.04.09"]
[Round "7.126"]
[White "Sukhodolskyi, Oleksii"]
[Black "Perez Gonzalez, Roberto"]
[Result "0-1"]
[WhiteElo "1699"]
[BlackElo "1957"]
[PlyCount "46"]

1. e4 e5 2. Nf3 Nc6 3. Bb5 a6 4. Ba4 Nf6 5. O-O Nxe4 6. Re1 Nc5 7. Nxe5 Nxe5 8.
Rxe5+ Be7 9. Bb3 Nxb3 10. axb3 d5 11. d4 O-O 12. Nc3 c6 13. Qd3 Bd6 14. Re1 Qh4
15. g3 Qh5 16. Be3 Bh3 17. Qe2 Bg4 18. Qd3 Bf3 19. Qf1 f5 20. Ne2 g5 21. c4 f4
22. Bd2 Be4 23. c5 Qf3 0-1

[Event "Open Semana Santa 2023"]
[Site "?"]
[Date "2023.04.09"]
[Round "7.127"]
[White "Fernandez Fernandez, Juan Carlos"]
[Black "Domenech Briz, Jose"]
[Result "1-0"]
[WhiteElo "1953"]
[BlackElo "1692"]
[Annotator "Usuario"]
[PlyCount "125"]

1. d4 Nf6 2. c4 g6 3. Nc3 Bg7 4. e4 d6 5. f3 O-O 6. Be3 Nbd7 7. Qd2 e5 8. d5
Nc5 9. Bd3 Bd7 10. Nge2 a6 11. Bc2 a5 12. h4 Rb8 13. Nb5 Bxb5 14. cxb5 c6 15.
Nc3 Nh5 16. dxc6 bxc6 17. O-O-O cxb5 18. Qxd6 Qxd6 19. Rxd6 Rfc8 20. Rhd1 b4
21. Nd5 Bf8 22. Bxc5 Rxc5 23. Rd7 Rbc8 24. Rd2 Ng3 25. Kd1 Nf1 26. Rf2 Ng3 $11
27. Bb3 Rc1+ 28. Kd2 Bh6+ 29. Kd3 a4 30. Bxa4 R8c4 31. Ne7+ Kf8 32. Bc2 Rd4+
33. Rxd4 exd4 34. Nd5 Ra1 35. Bb3 Rh1 36. Rc2 Rxh4 37. Rc7 Nh5 38. g4 Ng7 39.
Rc8+ Ne8 40. Ba4 Rh2 41. Rxe8+ Kg7 42. Kxd4 Rxb2 43. Bb3 Bg5 44. Kc4 Rf2 45. f4
Bxf4 46. Nxf4 Rxf4 47. Bd1 f5 48. gxf5 gxf5 49. Kd3 Rf2 50. Bb3 h5 51. Ke3 Rf1
52. Re7+ Kf6 53. Rf7+ Kg5 54. Rxf5+ Rxf5 55. exf5 Kxf5 56. Kd4 h4 57. Bd5 h3
58. Kc4 Ke5 59. Bh1 b3 60. Kxb3 Kd6 61. Kb4 Kc7 62. Kc5 Kb8 63. Kb6 1-0

[Event "Open Semana Santa 2023"]
[Site "?"]
[Date "2023.04.09"]
[Round "7.128"]
[White "Beneyto De Ramon, Guillermo"]
[Black "Persson Bogdanovic, Nils Oskar"]
[Result "1/2-1/2"]
[WhiteElo "1953"]
[BlackElo "1690"]
[PlyCount "167"]

1. c4 e5 2. Nc3 Nf6 3. g3 c6 4. Bg2 Qb6 5. a3 a5 6. d3 Ng4 7. e3 f5 8. Nge2 Na6
9. d4 e4 10. Nf4 Nf6 11. c5 Qd8 12. b4 Nc7 13. Bb2 d5 14. Na4 Bd7 15. Nb6 Ra7
16. Bc3 Nb5 17. Bd2 axb4 18. axb4 Qb8 19. O-O Be7 20. Rxa7 Qxa7 21. Nxd7 Kxd7
22. Bh3 g6 23. g4 g5 24. Ng2 h5 25. gxf5 g4 26. Nf4 gxh3 27. Ng6 Qb8 28. f3 Rg8
29. Kh1 Bd8 30. fxe4 dxe4 31. Qb3 Nd5 32. Ne5+ Kc7 33. f6 Rg2 34. f7 Be7 35.
Be1 Qf8 36. Bg3 h4 37. Ng6+ hxg3 38. Nxf8 Rxh2+ 39. Kg1 Rg2+ 40. Kh1 Rf2 41.
Ne6+ Kd7 42. f8=Q Bxf8 43. Nxf8+ Ke8 44. Rxf2 gxf2 45. Qd1 Nxe3 46. Qh5+ Kxf8
47. Qh8+ Kf7 48. Qh7+ Kf6 49. Qh6+ Ke7 50. Qh4+ Kd7 51. Qxf2 Nd5 52. Qf5+ Kc7
53. Qxe4 Nbc3 54. Qh7+ Kb8 55. Qxh3 Nb5 56. Qd3 Nxb4 57. Qc4 Nd5 58. Kg1 Nbc7
59. Kf2 Ne6 60. Kf3 Ng5+ 61. Kg3 Ne4+ 62. Kh4 Kc7 63. Kh5 Nef6+ 64. Kg6 Nd7 65.
Kf7 Nb8 66. Qf1 b5 67. cxb6+ Nxb6 68. Ke6 Nd5 69. Qf7+ Kb6 70. Kd6 Na6 71. Qe8
Ndb4 72. Qd8+ Kb5 73. Qd7 Kc4 74. Qe7 Kb5 75. Qf7 Kb6 76. Qc4 Kb7 77. d5 cxd5
78. Qb5+ Kc8 79. Qb6 d4 80. Qa7 d3 81. Qa8+ Nb8 82. Qa5 N8a6 83. Qf5+ Kb7 84.
Qd7+ 1/2-1/2

[Event "Open Semana Santa 2023"]
[Site "?"]
[Date "2023.04.09"]
[Round "7.129"]
[White "Oreshkin, Vladislav"]
[Black "Jaime Galeano, Alcher"]
[Result "1-0"]
[WhiteElo "1943"]
[BlackElo "1672"]
[PlyCount "87"]
[EventDate "2023.??.??"]

1. c4 e6 2. Nf3 d5 3. b3 Nf6 4. Bb2 Be7 5. cxd5 exd5 6. e3 O-O 7. Be2 c5 8. O-O
Nc6 9. d4 b6 10. Nc3 Bb7 11. Na4 Rc8 12. Bd3 Re8 13. a3 Ne4 14. dxc5 Nxc5 15.
Nxc5 Bxc5 16. Rc1 Qd7 17. b4 Bd6 18. Bb1 Ne5 19. Rxc8 Qxc8 20. Nxe5 Bxe5 21.
Bxe5 Rxe5 22. Qd3 Rh5 23. Rd1 g6 24. Ba2 Qc6 25. f3 Qd6 26. g3 Qf6 27. Rf1 Qc6
28. Qd2 Qa4 29. Qc3 Qb5 30. Rf2 Ba6 31. g4 Rh6 32. Qd4 Qa4 33. Qxd5 Qe8 34. e4
Bc8 35. Rd2 Be6 36. Qg5 Kg7 37. Qe5+ Kg8 38. Bxe6 Qe7 39. Rd7 Qe8 40. Bxf7+
Qxf7 41. Rxf7 Kxf7 42. Qg5 Kg7 43. h4 a6 44. e5 1-0

[Event "Open Semana Santa 2023"]
[Site "?"]
[Date "2023.04.09"]
[Round "7.130"]
[White "Crespo Ruiz, Manuel Maria"]
[Black "Anton Ortiz, Carlos"]
[Result "1/2-1/2"]
[WhiteElo "1936"]
[BlackElo "1668"]
[PlyCount "94"]

1. d4 d5 2. Nf3 e6 3. e3 Nf6 4. Bd3 c5 5. c3 Nbd7 6. Nbd2 Bd6 7. O-O e5 8. e4
O-O 9. dxe5 Bxe5 10. Nxe5 Nxe5 11. Bc2 c4 12. exd5 Qxd5 13. Ne4 Qe6 14. Nxf6+
Qxf6 15. Qh5 Nd3 16. Be3 Bf5 17. Bd4 Qg6 18. Qxg6 Bxg6 19. b3 b5 20. bxc4 bxc4
21. Ba4 Nf4 22. Rfe1 Bd3 23. Bd1 Rfe8 24. Bf3 Ne2+ 25. Kh1 Rac8 26. Bxa7 Nxc3
27. Be3 Be4 28. Bxe4 Nxe4 29. g3 c3 30. Rec1 h6 31. Kg2 Re6 32. a4 Ra6 33. a5
Nf6 34. Ra3 Nd5 35. Bd4 Rc4 36. Bxc3 Nxc3 37. Raxc3 Rxc3 38. Rxc3 Rxa5 39. Rc8+
Kh7 40. h3 g6 41. h4 Kg7 42. g4 h5 43. f3 Rb5 44. Rc3 Ra5 45. Kg3 Rb5 46. Re3
Rc5 47. Re4 Rb5 1/2-1/2

[Event "Open Semana Santa 2023"]
[Site "?"]
[Date "2023.04.09"]
[Round "7.131"]
[White "Mata Medina, Andres"]
[Black "Robledo Sanchez, Saul"]
[Result "0-1"]
[WhiteElo "1673"]
[BlackElo "1931"]
[PlyCount "82"]

1. d4 Nf6 2. c4 e6 3. Nf3 b6 4. Nc3 Bb7 5. Bg5 Be7 6. e3 O-O 7. Be2 h6 8. Bf4
d5 9. cxd5 Nxd5 10. Bg3 Nd7 11. O-O N7f6 12. Rc1 c5 13. a3 Nxc3 14. Rxc3 Ne4
15. Rc1 Nxg3 16. hxg3 cxd4 17. Nxd4 Bf6 18. b4 Bxd4 19. exd4 Qd6 20. Qd3 Rfd8
21. Rfd1 a5 22. b5 Rd7 23. Bf3 Bxf3 24. Qxf3 Qd5 25. Qxd5 Rxd5 26. a4 Rad8 27.
Rc6 Rxd4 28. Rxd4 Rxd4 29. Rxb6 Rxa4 30. Ra6 Ra1+ 31. Kh2 a4 32. b6 Rb1 33.
Rxa4 Rxb6 34. Ra3 Rb2 35. f3 g6 36. g4 Kg7 37. Kg3 Rb5 38. Ra7 Rc5 39. Kf4 Kf6
40. g3 Rc2 41. Rb7 Rg2 0-1

[Event "Open Semana Santa 2023"]
[Site "?"]
[Date "2023.04.09"]
[Round "7.132"]
[White "Soler Nadal, Jose Antonio"]
[Black "Bascunana Sanchez, Pablo"]
[Result "1/2-1/2"]
[WhiteElo "1677"]
[BlackElo "1918"]
[Annotator "Usuario"]
[PlyCount "47"]

1. d4 Nf6 2. Nf3 g6 3. Nc3 Bg7 4. e4 d6 5. Bf4 a6 6. Qd2 b5 7. Bd3 Bb7 8. a3
Nbd7 9. Bh6 O-O 10. h4 c5 11. dxc5 Nxc5 12. h5 Ng4 13. Bxg7 Kxg7 14. Ng5 Nf6
15. Nxh7 Nxh7 16. hxg6 fxg6 17. Qh6+ Kf6 18. e5+ Kxe5 19. Qe3+ Kf6 20. Rxh7
Nxd3+ 21. Qxd3 Rh8 22. Qd4+ Ke6 23. Qg4+ Kf6 24. Qd4+ $11 1/2-1/2

[Event "Open Semana Santa 2023"]
[Site "?"]
[Date "2023.04.09"]
[Round "7.133"]
[White "Pintor Avila, Antonio"]
[Black "Lopez De Turiso Sanchez, Jose An"]
[Result "1/2-1/2"]
[WhiteElo "1656"]
[BlackElo "1904"]
[PlyCount "110"]

1. e4 e5 2. Nf3 Nc6 3. Bb5 f5 4. Nc3 fxe4 5. Nxe4 Nf6 6. Qe2 Nxe4 7. Qxe4 Be7
8. Nxe5 Nxe5 9. Qxe5 O-O 10. O-O c6 11. Bd3 Bf6 12. Qh5 g6 13. Qd1 d5 14. Be2
Bf5 15. d4 Qb6 16. c3 Rae8 17. Bf3 Rf7 18. Qb3 Qxb3 19. axb3 Bd3 20. Rd1 Bc2
21. Rf1 Bxb3 22. Bd2 a6 23. Rfe1 Rfe7 24. Rxe7 Rxe7 25. g3 Kf7 26. h4 Re8 27.
Kg2 Bc2 28. Rc1 Be4 29. Bxe4 Rxe4 30. Re1 h5 31. f3 Re6 32. Kf1 Be7 33. Rxe6
Kxe6 34. Ke2 Kf5 35. Kd3 Bd6 36. Be1 b6 37. b3 a5 38. Kc2 b5 39. Kd3 a4 40. b4
g5 41. hxg5 Kxg5 42. Bd2+ Kf5 43. Be1 Kg5 44. Bd2+ Kg6 45. Be1 Be7 46. Bf2 h4
47. gxh4 Kh5 48. Be3 Bxh4 49. Bc1 Bg5 50. Ba3 Bf4 51. Ke2 Kh4 52. Bb2 Kg3 53.
Ba3 Bd6 54. Bc1 Bf4 55. Ba3 Bh6 1/2-1/2

[Event "Open Semana Santa 2023"]
[Site "?"]
[Date "2023.04.09"]
[Round "7.134"]
[White "Cesar Maestre, Eduardo"]
[Black "Sanjuan Segura, Ignacio"]
[Result "0-1"]
[WhiteElo "1649"]
[BlackElo "1902"]
[PlyCount "90"]

1. e4 e6 2. d4 d5 3. Nd2 c5 4. exd5 Qxd5 5. Nb3 cxd4 6. Qxd4 Nf6 7. Nf3 Nc6 8.
Qxd5 Nxd5 9. c3 Be7 10. Be2 e5 11. O-O O-O 12. h3 f6 13. Bc4 Be6 14. Be3 Nc7
15. Bxe6+ Nxe6 16. Rad1 Rfd8 17. Nh4 g6 18. Nf3 Kg7 19. g3 f5 20. Kg2 b6 21.
Kg1 Bf6 22. Kg2 Kf7 23. Rfe1 Rac8 24. Kf1 e4 25. Nfd4 Nexd4 26. Nxd4 Nxd4 27.
cxd4 Ke6 28. Re2 Rc7 29. Red2 Kd5 30. b3 Rc3 31. Ke2 g5 32. h4 f4 33. gxf4 gxh4
34. Rg1 Rdc8 35. f5 Rc1 36. Rxc1 Rxc1 37. Rd1 Rxd1 38. Kxd1 h3 39. Bf4 Bxd4 40.
Ke1 Be5 41. Bxe5 Kxe5 42. Kf1 Kxf5 43. Kg1 Kf4 44. Kh2 Kf3 45. Kxh3 Kxf2 0-1

[Event "Open Semana Santa 2023"]
[Site "?"]
[Date "2023.04.09"]
[Round "7.135"]
[White "Ainsa Jimenez, Lucas"]
[Black "Paragua, Megan Althea"]
[Result "0-1"]
[WhiteElo "1533"]
[BlackElo "1900"]
[PlyCount "112"]
[EventDate "2023.??.??"]

1. e4 c5 2. Nf3 d6 3. d4 cxd4 4. Nxd4 Nf6 5. Nc3 a6 6. a3 e5 7. Nf3 h6 8. h3
Be6 9. Be3 Be7 10. Be2 O-O 11. Qd2 Nbd7 12. g4 Nh7 13. Nd5 Bxd5 14. Qxd5 Qc7
15. Qb3 Ndf6 16. Bd3 d5 17. g5 dxe4 18. gxf6 Nxf6 19. Rg1 Kh8 20. Nxe5 Qxe5 21.
Bc4 Qc7 22. Bxf7 Rxf7 23. Bf4 Qa5+ 24. Bd2 Qd5 25. c4 Qc6 26. O-O-O b5 27. c5
Qxc5+ 28. Kb1 Qc4 29. Qg3 Qd3+ 30. Ka2 Qxg3 31. Rxg3 Nh5 32. Rg4 Rxf2 33. Rxe4
Bf6 34. Kb1 Rd8 35. Kc1 Ng3 36. Re6 Rfxd2 37. Rde1 Bxb2+ 38. Kb1 Bxa3 39. R6e3
Bd6 40. Ka1 Bf4 41. Re8+ Rxe8 42. Rxe8+ Kh7 43. Rf8 Ne2 44. Kb1 Nc3+ 45. Kc1
Rd8+ 46. Kb2 Nd1+ 47. Kc2 Ne3+ 48. Kb3 Rxf8 49. h4 a5 50. h5 Nd5 51. Ka3 Bd6+
52. Kb3 Rf3+ 53. Kc2 a4 54. Kb2 a3+ 55. Ka2 Rf2+ 56. Kb3 Rb2# 0-1

[Event "Open Semana Santa 2023"]
[Site "?"]
[Date "2023.04.09"]
[Round "7.136"]
[White "Blazquez Sanz, Oscar"]
[Black "Herrera Pezo, Enoch"]
[Result "0-1"]
[WhiteElo "1896"]
[BlackElo "1603"]
[PlyCount "54"]

1. e4 c5 2. Nf3 e6 3. d4 cxd4 4. Nxd4 a6 5. Nc3 Qc7 6. Bd3 Nc6 7. Nb3 Nf6 8.
O-O Be7 9. f4 d6 10. Be3 b5 11. a3 O-O 12. g4 Bb7 13. g5 Nd7 14. f5 Nce5 15.
Nd4 Nc4 16. Bxc4 Qxc4 17. Qh5 e5 18. Rf3 exd4 19. f6 Bxf6 20. gxf6 Nxf6 21.
Rxf6 gxf6 22. Bh6 Kh8 23. Bxf8 dxc3 24. Be7 Rg8+ 25. Kf2 Qd4+ 26. Ke1 Rg1+ 27.
Ke2 Rg2+ 0-1

[Event "Open Semana Santa 2023"]
[Site "?"]
[Date "2023.04.09"]
[Round "9.137"]
[White "Harutian, Arthur William"]
[Black "Palomo Monserrat, Lorenzo"]
[Result "1/2-1/2"]
[WhiteElo "1376"]
[BlackElo "1890"]
[Annotator "Usuario"]
[PlyCount "77"]

1. Nf3 d5 2. g3 Nf6 3. Bg2 c6 4. O-O Bg4 5. d4 Nbd7 6. c4 e6 7. Nc3 Be7 8. c5
O-O 9. b4 a5 10. b5 Bxf3 11. Bxf3 e5 12. e3 e4 13. Bg2 Ne8 14. f4 cxb5 15. Nxb5
b6 16. cxb6 Nxb6 17. Ba3 Nc4 18. Bxe7 Qxe7 19. Qe2 Rb8 20. Rab1 Nc7 21. Nc3 Qa3
22. Nxd5 Nxd5 23. Rxb8 Rxb8 24. Qxc4 Nxe3 25. Qc7 Re8 26. Qc6 Qe7 27. Re1 Nxg2
28. Kxg2 Qe6 29. Qxe6 Rxe6 30. d5 Re8 31. g4 h5 32. h3 hxg4 33. hxg4 g6 34. d6
f5 35. gxf5 gxf5 36. d7 Rd8 37. Rd1 Kf7 38. Rd5 Ke6 39. Re5+ $11 1/2-1/2

[Event "Open Semana Santa 2023"]
[Site "?"]
[Date "2023.04.09"]
[Round "7.138"]
[White "Duller Llopis, Jouke"]
[Black "Aarav Sarbalia"]
[Result "1-0"]
[WhiteElo "1889"]
[BlackElo "1478"]
[PlyCount "97"]

1. d4 Nf6 2. Nf3 g6 3. Bg5 Bg7 4. Nbd2 O-O 5. e4 d5 6. exd5 Nxd5 7. c3 b6 8.
Bc4 Bb7 9. O-O Nd7 10. Re1 N7f6 11. Qe2 Re8 12. Ba6 Bxa6 13. Qxa6 h6 14. Bh4
Qc8 15. Qa3 c5 16. Rad1 c4 17. Qa4 b5 18. Qxb5 Rb8 19. Qxc4 Rxb2 20. Qxc8 Rxc8
21. c4 Nc3 22. Ra1 Kf8 23. a3 a5 24. Rac1 Na2 25. Rb1 Rcb8 26. Rxb2 Rxb2 27.
Rb1 Rxb1+ 28. Nxb1 Ne4 29. Bg3 Nac3 30. Nxc3 Nxc3 31. Bc7 a4 32. Bb6 Ke8 33.
Kf1 e6 34. Ba5 Ne4 35. Bb4 g5 36. Ke2 Nf6 37. Ne5 Nd7 38. Nxd7 Kxd7 39. d5 exd5
40. cxd5 f5 41. Kd3 Be5 42. h3 g4 43. Kc4 h5 44. Kb5 f4 45. f3 gxf3 46. gxf3
Bd6 47. Bxd6 Kxd6 48. Kc4 h4 49. Kd4 1-0

[Event "Open Semana Santa 2023"]
[Site "?"]
[Date "2023.04.09"]
[Round "7.139"]
[White "Debbeler, Adrian"]
[Black "Tudela Gonzalez, Victor"]
[Result "0-1"]
[WhiteElo "1709"]
[BlackElo "2094"]
[PlyCount "60"]

1. d4 Nf6 2. Nf3 g6 3. c4 Bg7 4. Nc3 O-O 5. e4 d6 6. h3 e5 7. d5 Nh5 8. a4 f5
9. Bd3 Na6 10. O-O Nc5 11. exf5 Nxd3 12. fxg6 Nhf4 13. gxh7+ Kxh7 14. Ne4 Bh6
15. h4 Nxc1 16. Nfg5+ Bxg5 17. Nxg5+ Kg6 18. Rxc1 Rh8 19. Rc3 Bf5 20. Rg3 Kf6
21. Nf3 Qe7 22. Rg5 Rxh4 23. Rxf5+ Kxf5 24. Qc2+ e4 25. Nxh4+ Qxh4 26. Re1 Nxg2
27. Kxg2 Qg4+ 28. Kf1 Rh8 29. f3 Qxf3+ 30. Kg1 Rh1# 0-1

[Event "Open Semana Santa 2023"]
[Site "?"]
[Date "2023.04.09"]
[Round "7.140"]
[White "WFM Abrisqueta Zudaire, Leyre"]
[Black "Romero Garcia, Jose Luis"]
[Result "1-0"]
[WhiteElo "2077"]
[BlackElo "1733"]
[PlyCount "79"]

1. d4 d5 2. c4 e6 3. Nf3 Nf6 4. Nc3 Be7 5. g3 O-O 6. Bg2 c6 7. O-O Nbd7 8. Qc2
Re8 9. b3 Bb4 10. Bb2 Bxc3 11. Bxc3 Ne4 12. Bb2 f5 13. Rad1 Qe7 14. Ne5 Nxe5
15. dxe5 Ng5 16. f3 h5 17. e4 Bd7 18. h4 Nf7 19. exf5 exf5 20. cxd5 cxd5 21. f4
Rac8 22. Qf2 Nh6 23. Bxd5+ Kh7 24. Qd4 Bb5 25. Rf2 Ng4 26. Rfd2 b6 27. Bf3 Red8
28. Qxd8 Rxd8 29. Rxd8 Qc5+ 30. R8d4 Ne3 31. Rc1 Nc2 32. b4 Qc7 33. Rd2 Ba4 34.
Bd1 Qc4 35. Bxc2 Bxc2 36. Rdxc2 Qxa2 37. Re2 Qb3 38. Kh2 Qxb4 39. e6 Qb5 40.
Rcc2 1-0

[Event "Open Semana Santa 2023"]
[Site "?"]
[Date "2023.04.09"]
[Round "7.141"]
[White "Bernardez Gonzalez, Roberto"]
[Black "Lazaro Azcutia, Miguel"]
[Result "1/2-1/2"]
[WhiteElo "1688"]
[BlackElo "2042"]
[PlyCount "35"]

1. Nf3 Nf6 2. c4 e6 3. e3 d5 4. b3 Be7 5. Bb2 Nbd7 6. Nc3 a6 7. cxd5 exd5 8. d4
c6 9. Qc2 Nf8 10. Bd3 Ng6 11. h3 Bd6 12. Rc1 Qe7 13. O-O O-O 14. Na4 Ne4 15.
Bxe4 dxe4 16. Nd2 f5 17. Nc4 Rd8 18. Nab6 1/2-1/2

[Event "Open Semana Santa 2023"]
[Site "?"]
[Date "2023.04.09"]
[Round "7.142"]
[White "Zaldivar, Gustavo"]
[Black "Martinez Rodriguez, Francisco Sa"]
[Result "0-1"]
[WhiteElo "1645"]
[BlackElo "2004"]
[PlyCount "55"]

1. d4 d5 2. Bf4 Nf6 3. e3 c5 4. dxc5 e6 5. Nc3 Bd7 6. Nf3 Bxc5 7. Ne5 Nc6 8.
Nxd7 Qxd7 9. a3 O-O 10. Bd3 h6 11. g4 e5 12. g5 exf4 13. gxf6 fxe3 14. f3 Qh3
15. Qe2 Nd4 16. Qf1 Nxf3+ 17. Ke2 Nd4+ 18. Kd1 Qh5+ 19. Ne2 Nxe2 20. Bxe2 Qe5
21. fxg7 Rfd8 22. c3 d4 23. Kc2 dxc3 24. bxc3 Rd2+ 25. Kb3 a5 26. a4 b5 27.
axb5 a4+ 28. Kc4 0-1

[Event "Open Semana Santa 2023"]
[Site "?"]
[Date "2023.04.09"]
[Round "7.143"]
[White "Garcia-Ruiz Fuentes, Angel M."]
[Black "Ruiz De Leon Merlo, Esther"]
[Result "1-0"]
[WhiteElo "1993"]
[BlackElo "1721"]
[PlyCount "85"]

1. e4 e5 2. Bc4 Nf6 3. d3 h6 4. Nc3 Nc6 5. f4 exf4 6. Bxf4 Na5 7. Bb3 Nxb3 8.
axb3 d6 9. Nf3 Be7 10. Qd2 Be6 11. O-O a6 12. Nd4 Qd7 13. Kh1 Ng4 14. h3 Ne5
15. Nxe6 Qxe6 16. Nd5 Bd8 17. Ne3 Ng6 18. Nf5 Bf6 19. Be3 O-O-O 20. c4 Ne7 21.
b4 Nxf5 22. Rxf5 Be5 23. Qf2 Rhf8 24. Rf1 Qg6 25. b3 Rd7 26. d4 Bf6 27. e5 dxe5
28. dxe5 Bd8 29. Bc5 Be7 30. Bxe7 Rxe7 31. Qa7 Kd7 32. Qxb7 Qb6 33. Qd5+ Kc8
34. Qa8+ Qb8 35. Qxa6+ Qb7 36. Qa4 c6 37. Qa5 Rfe8 38. Qc5 Qc7 39. Ra1 Kb8 40.
Ra6 Rxe5 41. Rxe5 Rxe5 42. Qf8+ Qc8 43. Ra8+ 1-0

[Event "Open Semana Santa 2023"]
[Site "?"]
[Date "2023.04.09"]
[Round "7.144"]
[White "Hammari, Vinjar"]
[Black "Pacios Elola, Daniel Antonio"]
[Result "1-0"]
[WhiteElo "1989"]
[BlackElo "1700"]
[PlyCount "119"]

1. d4 d5 2. c4 e6 3. g3 Nf6 4. Bg2 Be7 5. Nf3 O-O 6. O-O Nbd7 7. Qc2 b6 8. cxd5
exd5 9. Qc6 Rb8 10. Bf4 Bb7 11. Qxc7 Qxc7 12. Bxc7 Rbc8 13. Bf4 Rc2 14. Nc3
Rxb2 15. Rab1 Rxb1 16. Rxb1 Ba6 17. Ne5 Rc8 18. Rb3 Bc4 19. Nxc4 dxc4 20. Rb1
a5 21. Bb7 Rf8 22. Ba6 Bb4 23. Rc1 Ra8 24. Bxc4 Rc8 25. Nb5 Kf8 26. f3 h6 27.
Bd3 Rxc1+ 28. Bxc1 Nd5 29. a3 Be7 30. e4 N5f6 31. Bc4 g5 32. Kg2 Nb8 33. Be3
Nc6 34. d5 Ne5 35. Bb3 Bc5 36. Bd4 Nfd7 37. f4 Ng6 38. Kf3 Bxd4 39. Nxd4 Nc5
40. Bc2 f6 41. Kg4 gxf4 42. gxf4 Kf7 43. Nf5 h5+ 44. Kf3 Kf8 45. Nd6 Nd7 46. e5
Ne7 47. e6 Nc5 48. Be4 b5 49. Nxb5 f5 50. Bc2 Nxd5 51. Bxf5 Ke7 52. Be4 Nxe4
53. Kxe4 Nf6+ 54. Kf5 h4 55. Nc3 h3 56. a4 Nh5 57. Ke5 Ng7 58. f5 Ne8 59. Nd5+
Kf8 60. f6 1-0

[Event "Open Semana Santa 2023"]
[Site "?"]
[Date "2023.04.09"]
[Round "7.145"]
[White "Benet Saniger, Xavier"]
[Black "Lozano Freras, Sergio"]
[Result "0-1"]
[WhiteElo "1682"]
[BlackElo "1960"]
[PlyCount "64"]

1. d4 Nf6 2. c4 g6 3. Nc3 Bg7 4. e4 d6 5. f4 Na6 6. Nf3 O-O 7. Bd3 e5 8. fxe5
dxe5 9. d5 Nc5 10. Bg5 Qe7 11. O-O h6 12. Bxf6 Bxf6 13. Bc2 a5 14. a3 Bg4 15.
b4 axb4 16. axb4 Na6 17. h3 Bxf3 18. Qxf3 Nxb4 19. Bb3 Rxa1 20. Rxa1 Na6 21.
Rf1 Bg5 22. g4 Qb4 23. Nb5 c6 24. dxc6 bxc6 25. Kg2 cxb5 26. cxb5 Qxb5 27. Rb1
Qc5 28. Rb2 Qd4 29. Re2 Bf4 30. h4 Rc8 31. Rc2 Rxc2+ 32. Bxc2 Nb4 0-1

[Event "Open Semana Santa 2023"]
[Site "?"]
[Date "2023.04.09"]
[Round "7.147"]
[White "Molina Molina, Carlos Javier"]
[Black "Mikalsen, Harald"]
[Result "0-1"]
[WhiteElo "1635"]
[BlackElo "1947"]
[PlyCount "66"]

1. e4 e5 2. Nf3 Nc6 3. Bb5 a6 4. Ba4 Nf6 5. Qe2 b5 6. Bb3 Bc5 7. c3 d6 8. O-O
O-O 9. h3 Be6 10. Bc2 Bb6 11. Rd1 Qe7 12. d3 d5 13. Nbd2 Rad8 14. Ng5 h6 15.
Nxe6 fxe6 16. Nf3 Nh5 17. exd5 exd5 18. Re1 Nf4 19. Bxf4 Rxf4 20. d4 e4 21. Nh2
Na5 22. Ng4 c5 23. dxc5 Qxc5 24. b4 Qxc3 25. bxa5 Qxa5 26. Ne3 d4 27. Bb3+ Kh8
28. Ng4 d3 29. Qd1 Rdf8 30. Rf1 Bd4 31. Rc1 d2 32. Rb1 e3 33. f3 e2+ 0-1